01243cam a22003497a 4500003000500000005001700005008004100022010001000063011001000073020001500083035001000098040000900108082001500117100002600132245008300158260004000241300001100281590004100292590004100333590004100374590004100415590004200456650003100498650004400529700003400573901000700607905002300614942001000637949008400647999001700731952014500748CHAP20220329142305.0000515d1999 us r 00010 eng d a81133 a82105 a012460370X a92591 cCHAP04a628.53bL800aLuo, Yiqieed.96915910aCarbon dioxide and environmental stressc/ed. by Yiqi Luo and Harold A. Mooney aSan Diego :bAcademic Press,c1999. a415 p. aBATCH-UPDb10c20130110lUCH01h0509 aBATCH-UPDb10c20130110lUCH01h2250 aBATCH-UPDb10c20130410lUCH01h0147 aBATCH-UPDb10c20130914lUCH01h1204 aCONVERSIONb10c20130109lUCH01h134514aDioxido de carbono.93266714aMedio ambientexContaminación.9740690 aMooney, Harold A.eed.978048 aBK aLilia Sánchez G. cLIBRO a628.53 L8bBCcLIBROd33724000778817eLIBROgI.202325h98016i92591sit$665.00 c81133d81133 00102ddc4052708GRALaBCbBCcPP_GRALd2019-12-31eI.202325fLIBROl0o628.53 L8p33724000778817r2019-12-31 00:00:00w2019-12-31yLIBRO